Города Воронежской области - Statistics

General Stats
  • This quiz has been taken 232 times
  • The average score is 9 of 15
Answer Stats
Население Город % Correct
1 046 425 Воронеж
100%
60 687 Борисоглебск
72%
54 147 Лиски
67%
30 658 Нововоронеж
67%
22 384 Павловск
67%
60 879 Россошь
66%
14 370 Богучар
61%
31 699 Острогожск
54%
20 871 Бобров
54%
27 938 Семилуки
46%
5948 Новохопёрск
46%
24 397 Бутурлиновка
43%
17 624 Калач
43%
10 024 Эртиль
41%
16 417 Поворино
39%
No matching quizzes found
Score Distribution
Percent of People with Each Score
Percentile by Number Answered
Your Score History
You have not taken this quiz